000 00250nam a22001097a 4500
008 170123b xxu||||| |||| 00| 0 eng d
020 _a9780781793834
041 _aeng
080 _a618.2
245 _aFUNDAMENTALS OF NURSING
_cTAYLOR
942 _2udc
_cBK
999 _c3355
_d3355